000 00888nab a2200265 u 4500
001 19736
003 HDC
007 cr bn ---aaaaa
008 210302c20091122xx dr|noo 0 a eng d
040 _aHDC
100 _aMacabalang, Ali G.
_eauthor
_918055
245 0 _aRP's 2nd national halal meet starts Monday / by
_cAli G. Macabalang
260 _a[No place] :
_b[publisher not identified],
_c2009
300 _a1 online resource
336 _atext
_2rdacontent
337 _acomputer
_2rdamedia
338 _aonline resource
_2rdacarrier
650 _ahalal industry
_9144
650 _aNational halal meet
_918056
710 _aHalal Focus
856 _zRequest full-text at [email protected]
942 _2lcc
942 _cNEWS
942 _kNWSO 006238
999 _c17052
_d17052